000 00495nam a22001817a 4500
005 20251108165935.0
008 250721s1957 xx 000 0 ara d
082 1 4 _aق/ك
100 1 _aكريستي، أجاثا
245 1 0 _aالكأس الأخيرة /
264 1 _aمصر :
_bدار الهلال،
_c1957.
300 _a198ص
490 0 _aروايات الهلال ؛ 96
650 1 7 _aالأدب العربي
650 1 7 _aأدب الأطفال
942 _2ddc
_cBK
999 _c35415
_d35415